00993nam a2200289 450000100060000000300090000600500170001500700060003200800330003802000150007104000220008608200260010810000280013424501020016226000410026430000300030549000220033550000060035759000260036365000290038965000330041870000450045191000400049694200120053695201400054899900150068891830DO-SdBNP20241011135536.091830870818s1986 sp a 00 spa  a8476348207 aBPMSUbspacBPMSU a843.8bV531J 19862221 aVerne, Juliod1828-190510aJulio Verne : bViaje al centro de la tierra /cJulio Verne ; traducción A. Ribot y Fontseré  aBarcelona : bEdiciones Orbis,c1986 a256 p. : bil. ; c20 cm.0 aJulio Verne, v11 a  aInventariado, 2024/VM 4aNovela juvenil francesa  4aLiteratura juvenil francesa 1 aRibot y Fontseré, Antonioetraductor  aVMateo V. Control de calidad BPMSU  2ddccBK 00102ddc40708CJ-GaBPMETbBPMETd2015-11-12eFUNDIl0oBPMSU CJG 843.8 V531J 1986pBPMSU15110220r2015-11-12tv. 11w2015-11-12yBK c8670d8670